01241nac a22002657a 4500001001000000003000900010005001700019008003400036040005400070072000800124090001800132110009900150245009100249260004200340300000800382490009300390500012600483650001600609650001300625650001700638909004700655942001700702999001900719952023700738BR8703434BR-BrBNA20240105120512.0230509b bl.|||m| |||| 00| 0 por d aBR-BrBNAbporcBiblioteca Nacional de Agricultura aE40 aE40 BR87034341 aCooperativa Central dos Produtores Rurais de Minas Gerais Ltda., Belo Horizonte (Brasil)928321 aRelatorio anual 1972 [Cooperativa Central dos Produtores Rurais de Minas Gerais Ltda.]3 aBelo Horizonte, MG (Brasil): c1973.  avp. aRelatorio - Cooperativa Central dos Produtores Rurais de Minas Gerais Ltda. (Brazil)vx a(*) Documento disponível na(o) Cooperativa Central dos Produtores Rurais de Minas Gerais Ltda., Belo Horizonte (Brazil) aCOOPERATIVA aPRODUTOR aMINAS GERAIS a202312bLúcia Elandec55dLúcia Elande 2AGRISn0cMS c279800d279800 002AGRIS40728Acervo Gerala41918b41918cAGROBASEl0r2023-12-18yMSz(*) Documento disponível na(o) Cooperativa Central dos Produtores Rurais de Minas Gerais Ltda., Belo Horizonte (Brazil)ePortaria Interministerial nº 164/94